000
00253nam a2200109Ia 4500
008
240625s9999 xx 000 0 und d
041
_a
eng
082
_a
519.536 DRA
100
_a
DRAPER NORMAN R
245
_a
APPLIED REGRESSION ANALYSIS
260
_c
2007
999
_c
33803
_d
33803